| 000 | 00487nam a2200193Ia 4500 | ||
|---|---|---|---|
| 008 | 140306s9999 xx 000 0 und d | ||
| 020 | _a8131514862 | ||
| 020 | _a978-81-315-1486-3 | ||
| 041 | _aeng | ||
| 082 |
_a658.3 _bPRI/HU |
||
| 100 | _aPrice, Alan | ||
| 245 | _aHuman Resource Management in a Business Context | ||
| 250 | _a3rd | ||
| 260 |
_aNew Delhi _bCengage Learning _c2009 |
||
| 300 | _a648 | ||
| 365 | _bRs.425/- | ||
| 650 | _aThe Concept of HRM | ||
| 942 |
_2ddc _cBK |
||
| 999 |
_c188289 _d188289 |
||